Granulácia denitrifikačnej biomasy

Gespeichert in:
Bibliographische Detailangaben
1. Verfasser: Jonatová, Ivana
Format: Buch
Sprache:Slowakisch
Veröffentlicht: Bratislava STU FCHPT 2008
Online-Zugang:Im OPAC anzeigen
Tags: Tag hinzufügen
Keine Tags, Fügen Sie das erste Tag hinzu!

MARC

LEADER 00000nam a2200000 a 4500
005 20260127133939.0
008 080825 2008 xo 000 0 slo d
035 |a vtls009325923 
039 9 |a 200809090905  |b mschk03  |y 200808251157  |z mschk03 
040 |a STUSCHK1  |b slo  |c STUSCHK1  |e AACR2 
100 1 |a Jonatová, Ivana 
245 1 |a Granulácia denitrifikačnej biomasy 
260 |a Bratislava  |b STU FCHPT  |c 2008 
300 |a 75 s.  |b il.  |c 30 cm 
500 |a Obháj.: 9.6. 2008 
500 |a Zameranie: chémia a technológia životného prostredia 
500 |a Študijný odbor: 5.2.18 chemické technológie 
910 |a SCHK95 
999 |c 634  |d 634